Statistics for Groups of 3 #2

Click here to take the quiz!

General Stats

  • This quiz has been taken 74 times
  • The average score is 37 of 75

Answer Stats

HintContextAnswer% Correct
Green
95%
Traffic light colorsGeneral knowledgeRed
95%
Yellow | Amber
95%
Hear no evil
88%
“Internal” BLT ingredientsFoodBacon
83%
Lettuce
83%
Tin Woodman
83%
Cowardly Lion
80%
Tomato
80%
Baby Bear
79%
Paper
77%
A hand game, sometimes used to settle a dispute or to decide who goes first in some other activity, in which two players (usually) simultaneously form one of three shapes with an outstretched hand.GamesRock
77%
Traveling companions Dorothy Gale meets in OzL. Frank Baum. The Wonderful Wizard of Oz (1900)Scarecrow
77%
Scissors
77%
A {heart}
76%
Destiny’s Child membersMusical act (1990-2006) “Say My Name” (2000)Beyoncé Knowles
76%
Speak no evil
76%
The Darling children who visit NeverlandJ.M. Barrie: Peter and Wendy (1911)Wendy
76%
What the three wise monkeys recommend we all doJapanese pictorial maximSee no evil
74%
What Dorothy Gale’s three traveling companions lackedL. Frank Baum. The Wonderful Wizard of Oz (1900)A {brain}
73%
Roll
71%
Drop
70%
Nick
70%
Family members whose home is invaded and violated by GoldilocksBritish fairy tale, 3rd versionPapa Bear
70%
The Two {Towers}
70%
The Jonas BrothersAmerican pop rock band (2005-present). “Burnin’ Up” (2008)Joe
68%
Mama Bear
68%
and the {Ugly}
65%
the {Bad}
65%
Spaghetti western directed by Sergio Leone and starring Clint EastwoodProduzioni Europee Associati, United Artists. Sergio Leone, dir. (1966)The {Good}
65%
Electron
64%
Subatomic particlesPhysicsProton
64%
Neutron
62%
Courage
61%
Lucy Liu
61%
What to do if you catch on fireFire safetyStop
61%
The Lord of the Rings booksJ.R.R. Tolkien. The Lord of the Rings. (1954-55)The {Fellowship} of the Ring
61%
Charlie’s Angels starsColumbia Pictures et al. Elizabeth Banks, dir. (2000)Cameron Diaz
59%
Drew Barrymore
59%
Marx Brothers who performed comic roles in films(1905-1949)Groucho
58%
The Return of the {King}
56%
Kevin
42%
Buttercup
41%
The Powerpuff GirlsAnimated TV series (1998-2005)Blossom
39%
Harpo
39%
Kelly Rowland
39%
John
36%
Thing
36%
Bubbles
35%
Styles of Greek columnsArchitectureDoric
35%
Place
33%
Basic classifications of nouns, ignoring subclasses like “animal” or “idea”GrammarPerson
32%
Ionic
30%
Corinthian
29%
Jaclyn Smith
26%
Charlie’s Angels starsOriginal ABC TV series (1976-1981)Kate Jackson
26%
Michelle Williams
21%
Michael
17%
Chico
15%
Farrah Fawcett-Majors
15%
Totally Spies! main charactersAnimated TV series (2001-present)Alex
14%
Deductive
12%
Ethos
12%
Logic
12%
Sam
12%
Clover
11%
Three basic types of reasoningPsychologyInductive
11%
The rhetorical trianglePerspective in speaking or writingLogos
11%
Pathos
11%
Abductive
6%
The three elementary subjects of literary educationUp to the 12th centuryGrammar
6%
the {Dharma}
6%
Rhetoric
5%
The Three Jewels of BuddhismReligious historythe {Buddha}
5%
the {Saṅgha}
3%

Score Distribution

Percentile by Number Answered

Percent of People with Each Score

Your Score History

You have not taken this quiz